00508nam a22001817a 450000500170000001000150001702000260003203500140005803700130007208200060008510000170009124500790010826000290018727000500021630000230026650000190028970000180030820221209113509.0 aENG-135797 a9789390961238c250.00 aEN-119329 bDBAD/PUB aS aKhare, Nyasa aMy friend NS 230:bAnd Other Stories/cNyasa Khare and ed by Alisha Verma aNew DelhibVitastac2023 a2/15,Ansari Road,DaryaganjbNew Delhie110002 axv,73p.c20cm(pbk) aIncludes index aVerma, Alisha